[Event "Mechanics' Spring TNM; G/2 d5"]
[Site "San Francisco"]
[Date "2018.04.24"]
[Round "6.10"]
[White "Davila, Carlos"]
[Black "Melville, Cailen"]
[Result "1-0"]
[WhiteElo "2137"]
[BlackElo "1924"]
[PlyCount "75"]
[EventDate "2018.??.??"]
[Source "ChessBase"]
[SourceDate "2007.09.04"]

1. c4 b6 2. Nc3 e6 3. g3 Bb7 4. e4 c5 5. Bg2 Nc6 6. Nge2 Nge7 7. O-O g6 8. d4
cxd4 9. Nxd4 a6 10. Be3 Bg7 11. Qd2 Ne5 12. Qe2 Rc8 13. b3 O-O 14. f4 N5c6 15.
Rad1 Nxd4 16. Bxd4 Bxd4+ 17. Rxd4 b5 18. Rfd1 Qb6 19. Qf2 Bc6 20. g4 Rc7 21. e5
Bxg2 22. Kxg2 bxc4 23. Rxc4 Qxf2+ 24. Kxf2 Rfc8 25. Ne4 Nd5 26. Nd6 Rxc4 27.
bxc4 Nc3 28. Rd3 Ne4+ 29. Nxe4 Rxc4 30. Nf6+ Kg7 31. Rxd7 Rxf4+ 32. Kg3 Ra4 33.
Rd8 Ra3+ 34. Kh4 g5+ 35. Kxg5 h6+ 36. Kh4 h5 37. Rg8+ Kh6 38. g5# 1-0

[Event "Mechanics' Summer TNM; G/2 d5"]
[Site "San Francisco"]
[Date "2018.06.26"]
[Round "5.12"]
[White "Davila, Carlos"]
[Black "Rakonitz, David"]
[Result "1-0"]
[WhiteElo "2128"]
[BlackElo "1749"]
[PlyCount "85"]
[EventDate "2018.??.??"]
[Source "ChessBase"]
[SourceDate "2007.09.04"]

1. e4 e6 2. d4 d5 3. Nc3 Bb4 4. e5 c5 5. a3 Bxc3+ 6. bxc3 Qa5 7. Bd2 Qa4 8. Qb1
c4 9. Nf3 Nc6 10. h4 Nge7 11. h5 h6 12. g4 b6 13. g5 Bd7 14. Bh3 O-O-O 15. gxh6
gxh6 16. Qc1 Ng8 17. Rg1 Rh7 18. Bf4 Rf8 19. Kd2 Qa5 20. a4 f6 21. Rxg8 Rxg8
22. exf6 Rf8 23. Be5 Nxe5 24. dxe5 Rg8 25. Qa3 Qc5 26. Nd4 Qxa3 27. Rxa3 Rg5
28. f4 Rxh5 29. Bxe6 Bxe6 30. Nxe6 Rf7 31. Ra1 Kd7 32. Ng7 Rh2+ 33. Ke3 Kc6 34.
f5 Rxc2 35. e6 Rxf6 36. e7 Rxc3+ 37. Ke2 Kc5 38. e8=Q Rd6 39. Qb5+ Kd4 40. Rd1+
Ke5 41. Qe8+ Kf6 42. Qf8+ Ke5 43. Qe7+ 1-0

[Event "Mechanics' Shipman TNM; G/2 d/5"]
[Site "San Francisco"]
[Date "2018.08.07"]
[Round "1.7"]
[White "Davila, Carlos"]
[Black "Ross, Max"]
[Result "1-0"]
[WhiteElo "2093"]
[BlackElo "1590"]
[PlyCount "69"]
[EventDate "2018.??.??"]
[Source "ChessBase"]
[SourceDate "2007.09.04"]

1. c4 Nf6 2. Nc3 d6 3. g3 g6 4. Bg2 Bg7 5. e3 Nbd7 6. Nge2 O-O 7. O-O c6 8. h3
e5 9. d4 Re8 10. Kh2 Qc7 11. f4 exd4 12. exd4 Nb6 13. b3 Be6 14. g4 d5 15. c5
Nbd7 16. Kh1 Nxg4 17. hxg4 Bxg4 18. f5 Bxd4 19. Qxd4 Bxe2 20. Bh6 f6 21. Nxd5
Qe5 22. Qxe5 Rxe5 23. Nc7 Rc8 24. Bf4 Bxf1 25. Bxf1 Rxf5 26. Bc4+ Kh8 27. Bh2
Nxc5 28. Ne6 Rh5 29. Nf4 Rf5 30. b4 g5 31. Nh5 g4 32. Nf4 Re8 33. bxc5 Rxc5 34.
Bb3 Re3 35. Bg1 1-0

[Event "Mechanics' Summer TNM; G/2 d/5"]
[Site "San Francisco"]
[Date "2018.06.12"]
[Round "3.5"]
[White "Davila, Carlos"]
[Black "Wonsever, James"]
[Result "1/2-1/2"]
[WhiteElo "2128"]
[BlackElo "1872"]
[PlyCount "84"]
[EventDate "2018.??.??"]
[Source "ChessBase"]
[SourceDate "2007.09.04"]

1. c4 e5 2. Nc3 Nf6 3. g3 c6 4. Bg2 Be7 5. e3 O-O 6. Nge2 d5 7. cxd5 cxd5 8. d4
e4 9. f3 exf3 10. Bxf3 Nc6 11. Nf4 Bb4 12. O-O Bxc3 13. bxc3 Bf5 14. g4 Be4 15.
g5 Bxf3 16. Qxf3 Ne4 17. c4 Qxg5+ 18. Kh1 Nb4 19. cxd5 Rfe8 20. Rg1 Qh4 21. Rb1
Qe7 22. a3 Na6 23. d6 Nxd6 24. Nd5 Qh4 25. Nf6+ Kh8 26. Nxe8 Rxe8 27. d5 Nc5
28. Bb2 f6 29. Rg4 Rxe3 30. Rxh4 Rxf3 31. Bd4 Nce4 32. Re1 f5 33. Rg1 Ne8 34.
Rc1 N4d6 35. Re1 Kg8 36. Bxa7 Rxa3 37. Bc5 Ra5 38. Bxd6 Nxd6 39. Rd4 Ra8 40.
Re7 Rd8 41. h4 b5 42. h5 Kf8 {and drawn in a few moves} 1/2-1/2

[Event "Mechanics' Spring TNM; G/2 d5"]
[Site "San Francisco"]
[Date "2018.04.17"]
[Round "5.14"]
[White "Davila, Carlos"]
[Black "Yanofsky, Kevin"]
[Result "1-0"]
[WhiteElo "2137"]
[BlackElo "1840"]
[PlyCount "93"]
[EventDate "2018.??.??"]
[Source "ChessBase"]
[SourceDate "2007.09.04"]

1. e4 c5 2. Nf3 g6 3. d4 cxd4 4. Nxd4 Bg7 5. c4 Nc6 6. Be3 Nf6 7. Nc3 Ng4 8.
Qxg4 Nxd4 9. Qd1 e5 10. Be2 O-O 11. O-O d6 12. Kh1 Be6 13. f4 Nxe2 14. Qxe2
exf4 15. Bxf4 Rc8 16. Nd5 Bxd5 17. exd5 Be5 18. Bxe5 dxe5 19. Qxe5 Rxc4 20. d6
Qd7 21. Rac1 Rxc1 22. Rxc1 Rd8 23. Rd1 Qe6 24. Qd4 Rd7 25. h3 h5 26. Qxa7 Kg7
27. Qd4+ Qf6 28. Qc3 Qxc3 29. bxc3 Kf6 30. c4 b6 31. a4 Ke6 32. a5 bxa5 33. c5
Rd8 34. Kg1 a4 35. Kf2 a3 36. Ke3 a2 37. Kd4 Ra8 38. Ra1 Kd7 39. Kd5 Ra5 40. h4
f6 41. g3 g5 42. g4 hxg4 43. h5 g3 44. h6 g2 45. h7 g1=Q 46. Rxg1 a1=Q 47. Rxa1
1-0

[Event "Mechanics' Winter TNM; G/2 d5"]
[Site "San Francisco"]
[Date "2018.02.06"]
[Round "5.17"]
[White "Delgado, David Ale"]
[Black "Krasnov, Steven"]
[Result "1-0"]
[WhiteElo "1706"]
[BlackElo "1908"]
[PlyCount "49"]
[EventDate "2018.??.??"]
[Source "ChessBase"]
[SourceDate "2007.09.04"]

1. e4 e6 2. d4 d5 3. exd5 exd5 4. Nf3 Nf6 5. Bd3 Be7 6. O-O h6 7. Be3 Be6 8. c3
Nbd7 9. Nbd2 O-O 10. Re1 c5 11. dxc5 Nxc5 12. Bc2 Qc7 13. Bd4 a5 14. Qe2 Rfe8
15. Qb5 b6 16. Be5 Qb7 17. Nd4 Bd7 18. Qf1 Qc8 19. Nb5 Bxb5 20. Qxb5 Qb7 21.
Bxf6 gxf6 22. Re3 Ne6 23. Qd3 Nf8 24. Rg3+ Kh8 25. Qe3 1-0

[Event "Mechanics' Winter TNM; G/2 d5"]
[Site "San Francisco"]
[Date "2018.02.20"]
[Round "7.16"]
[White "Delgado, David Ale"]
[Black "Melville, Cailen"]
[Result "1-0"]
[WhiteElo "1706"]
[BlackElo "1889"]
[Annotator "Donaldson"]
[PlyCount "43"]
[EventDate "2018.??.??"]
[Source "ChessBase"]
[SourceDate "2007.09.04"]

1. e4 e6 2. d4 d5 3. exd5 exd5 4. Nf3 Bf5 5. Be2 Nc6 6. Bf4 Bd6 7. Bxd6 Qxd6 8.
c3 Nge7 9. Nbd2 f6 10. O-O g5 11. b4 Kf7 12. b5 Nd8 13. Qb3 Ne6 14. g3 Bh3 15.
Rfe1 h5 16. Bf1 Bxf1 17. Nxf1 h4 18. Qc2 Qd7 19. Kh1 hxg3 20. fxg3 Ng7 21. Qf2
Qg4 $4 (21... Kg8 $11) (21... Kg6 $11) 22. Ne5+ 1-0

[Event "Mechanics' Winter TNM; G/2 d5"]
[Site "San Francisco"]
[Date "2018.01.09"]
[Round "1.35"]
[White "Delgado, David Ale"]
[Black "Otterbach, Renate"]
[Result "1-0"]
[WhiteElo "1706"]
[BlackElo "1166"]
[PlyCount "57"]
[EventDate "2018.??.??"]
[Source "ChessBase"]
[SourceDate "2007.09.04"]

1. e4 e6 2. d4 d5 3. exd5 exd5 4. Nf3 Nf6 5. Bd3 Bd6 6. O-O O-O 7. Bg5 Nbd7 8.
c3 c6 9. Qc2 Qc7 10. Nbd2 b5 11. Rfe1 Bb7 12. Re3 Kh8 13. Rae1 Ng4 14. R3e2
Bxh2+ 15. Kh1 Bf4 16. Bxf4 Qxf4 17. g3 Qh6+ 18. Kg2 Ndf6 19. Rh1 Nh5 20. Ne5
Ngf6 21. Ndf3 g6 22. Nh2 Rac8 23. Nhg4 Nxg4 24. Nxg4 Qg7 25. Re7 Ba8 26. Qe2
Nf6 27. Nxf6 Qxf6 28. Qe3 Qd6 29. Qh6 1-0

[Event "Mechanics' Winter TNM; G/2 d5"]
[Site "San Francisco"]
[Date "2018.01.23"]
[Round "3.34"]
[White "Delgado, David Ale"]
[Black "Zulkhuu, Jamyandagva"]
[Result "1-0"]
[WhiteElo "1706"]
[BlackElo "1175"]
[Annotator "Donaldson"]
[PlyCount "69"]
[EventDate "2018.??.??"]
[Source "ChessBase"]
[SourceDate "2007.09.04"]

1. e4 e5 2. Nf3 Nc6 3. Bb5 f6 $2 4. c3 Nge7 5. O-O d5 6. d3 a6 7. Ba4 Bg4 8.
Nbd2 b5 9. Bb3 Na5 10. Bc2 c5 11. h3 Be6 12. b4 cxb4 13. cxb4 Nac6 14. a3 Ng6
15. Nb3 d4 16. Nh2 Nh4 17. Qh5+ Ng6 18. f4 Bf7 19. f5 Nf4 20. Qf3 Bd6 21. Bxf4
exf4 22. Qf2 Qc7 23. Nf3 Rc8 24. Rac1 Qb6 25. Nfxd4 Nxd4 26. Qxd4 $2 (26. Nxd4)
26... Qxd4+ 27. Nxd4 O-O $2 (27... Be5 $1 28. Nb3 Bb2 $17) 28. Bb3 $16 Bxb3 29.
Nxb3 Bc7 30. d4 Bb6 31. Nc5 Rfd8 32. d5 a5 33. Kh1 axb4 34. axb4 Re8 35. Ne6 {
and White went on to win.} 1-0

[Event "Mechanics' Shipman TNM; G/2 d/5"]
[Site "San Francisco"]
[Date "2018.08.14"]
[Round "2.15"]
[White "Diaz, Conrado"]
[Black "Adams, Sophie"]
[Result "1-0"]
[WhiteElo "2343"]
[BlackElo "1379"]
[Annotator "Donaldson"]
[PlyCount "111"]
[EventDate "2018.??.??"]
[Source "ChessBase"]
[SourceDate "2007.09.04"]

1. d4 d5 2. c4 c6 3. cxd5 cxd5 4. Nc3 Nf6 5. Bg5 Bf5 6. Bxf6 exf6 7. Qb3 Nc6 8.
Qxb7 Rc8 9. e3 Rc7 10. Qb5 Be6 11. Qa4 Bd7 12. Qd1 Bb4 13. Bd3 O-O 14. Nge2 Bg4
15. O-O Bxc3 16. bxc3 Na5 17. f3 Be6 18. Re1 Nc4 19. Nf4 Re8 20. e4 Nb2 21. Qd2
Nxd3 22. Qxd3 Rce7 23. Re3 Qd6 24. g3 dxe4 25. Rxe4 g6 26. Nxe6 fxe6 27. Rae1
Kf7 28. Qe3 Qd5 29. Re2 Rb8 30. Kg2 Rc8 31. Qh6 Kg8 32. R4e3 Rc4 33. Qf4 Kf7
34. Qb8 Ra4 35. Qb3 Rc4 36. h4 h5 37. Qb8 Kg7 38. Rb2 Qc6 39. Qd8 Re8 40. Qa5 {
Diagram [#]} Re7 $2 {
Black has put up a heroic defense after a difficult opening and with} (40...
Ra4 $1 {would have had every chance for a draw.}) 41. d5 $1 Qc5 42. Qxc5 Rxc5
43. dxe6 f5 44. f4 Kf6 45. Rbe2 Rc6 46. Kf3 Rcxe6 $2 {
This makes things easy for White. Instead} (46... Rd6 {
would leave White the task of converting his advantage.}) 47. Rxe6+ Rxe6 48.
Rxe6+ Kxe6 49. Ke3 Kd5 50. Kd3 a6 51. c4+ Kc5 52. Kc3 a5 53. a4 Kc6 54. Kd4 Kd6
55. c5+ Kc6 56. Kc4 1-0

[Event "Mechanics' Walter Shipman TNM G/2 d/5"]
[Site "San Francisco"]
[Date "2018.10.02"]
[Round "9.3"]
[White "Diaz, Conrado"]
[Black "Boldi, Ethan"]
[Result "0-1"]
[WhiteElo "2343"]
[BlackElo "2011"]
[PlyCount "92"]
[EventDate "2018.??.??"]
[Source "ChessBase"]
[SourceDate "2007.09.04"]

1. d4 e6 2. Nf3 Nf6 3. c3 d5 4. Bf4 Be7 5. Nbd2 O-O 6. e3 Nbd7 7. Bd3 c6 8. h3
b6 9. O-O Bb7 10. Ne5 h6 11. Bh2 Nxe5 12. dxe5 Nd7 13. Bb1 f5 14. exf6 Nxf6 15.
Be5 c5 16. f4 Rc8 17. Qc2 Ne4 18. Nxe4 dxe4 19. Rd1 Qe8 20. Qe2 Bf6 21. Bd6 Rf7
22. Bc2 Bd5 23. f5 Bg5 24. fxe6 Qxe6 25. b3 Kh8 26. Bg3 c4 27. b4 Rd8 28. Rac1
Qg6 29. Kh2 Bf6 30. Bb1 Qg5 31. Qe1 Rdf8 32. Bf4 Qf5 33. Qg3 g5 34. Bd6 Rd8 35.
Rf1 Qe6 36. Rxf6 Rxf6 37. Be5 Rdf8 38. Rf1 Kg7 39. Rd1 Kg6 40. Bxf6 Rxf6 41.
Rd4 h5 42. Qc7 a6 43. Qb8 b5 44. Bc2 Rf2 45. Bd1 Rf6 $16 {[#]} 46. Qh8 $4 Qe5+
0-1

[Event "Mechanics' Vartan Bedjanian TNM; G/2 d/"]
[Site "San Francisco"]
[Date "2018.11.07"]
[Round "3.8"]
[White "Diaz, Conrado"]
[Black "Clemens, Kristian"]
[Result "1-0"]
[WhiteElo "2328"]
[BlackElo "1993"]
[PlyCount "83"]
[EventDate "2018.??.??"]
[Source "ChessBase"]
[SourceDate "2007.09.04"]

1. d4 d5 2. c4 e6 3. Nc3 Be7 4. Nf3 Nf6 5. g3 dxc4 6. Bg2 Nc6 7. Qa4 O-O 8.
Qxc4 Re8 9. O-O Nd5 10. e4 Nb6 11. Qd3 Nb4 12. Qe2 Bf8 13. Bf4 Qe7 14. Nb5 Na6
15. Rac1 c6 16. Nd6 Rd8 17. e5 Qd7 18. Ne4 Nd5 19. Bd2 b6 20. Rfd1 Bb7 21. a3
Rac8 22. Bg5 Re8 23. Nfd2 Nac7 24. Qg4 Kh8 25. Nc4 Ra8 26. Qh4 Ne7 27. g4 Ncd5
28. Ned6 Ng6 29. Qg3 Reb8 30. h4 Kg8 31. h5 Nge7 32. Nxb7 Rxb7 33. Nd6 Rc7 34.
Ne4 Nc8 35. Rd3 c5 36. dxc5 bxc5 37. h6 Be7 38. hxg7 Bxg5 39. Nxg5 Qe7 40. Qh4
h5 41. Qxh5 Kxg7 42. Qh7+ 1-0

[Event "Mechanics' Bedjanian TNM; G/2 d/5"]
[Site "San Francisco"]
[Date "2018.12.18"]
[Round "9.2"]
[White "Diaz, Conrado"]
[Black "Ivanov, Aleksandr"]
[Result "1-0"]
[WhiteElo "2328"]
[BlackElo "2167"]
[Annotator "Winslow,Elliott"]
[PlyCount "66"]
[EventDate "2018.??.??"]
[Source "ChessBase"]
[SourceDate "2007.09.04"]

1. d4 d5 2. Bg5 c5 3. e3 Nc6 4. c3 h6 5. Bh4 Qb6 6. Qc2 Nf6 $146 ({Predecessor:
} 6... e6 7. Nd2 Be7 8. Bxe7 Ngxe7 {
0-1 (31) Rubtsov,V (1735)-Kokueva,A (1586) Voronezh 2018}) 7. Nd2 Bg4 8. Ngf3
e6 9. Bd3 c4 10. Be2 Bf5 11. Qc1 Bd6 12. b3 cxb3 13. axb3 e5 14. dxe5 Nxe5 15.
Nxe5 Bxe5 16. Nf3 Nd7 17. Nxe5 Nxe5 {[#]} 18. Qa3 g5 (18... f6 $16) 19. Bg3 $18
Nd7 20. Bd6 Rc8 21. O-O a6 $6 (21... Nc5 22. Be5 O-O) 22. c4 Rc6 23. Bb4 d4 $2
(23... dxc4 24. bxc4 g4) 24. exd4 Qxd4 25. Rad1 Qb6 26. Bf3 Re6 27. Rd5 Re5 28.
Rd6 Qc7 29. Bc3 O-O 30. Rxh6 f6 31. h4 g4 32. Bd5+ $2 (32. Bxe5 $18) 32... Rxd5
33. Bb4 Re5 {I don't quite see why Black lost, unless it was on time.} (33...
Rc5 $1 $11) 1-0

[Event "Mechanics' Spring TNM; G/2 d5"]
[Site "San Francisco"]
[Date "2018.04.24"]
[Round "6.1"]
[White "Diaz, Conrado"]
[Black "Lewis, Edward Mich"]
[Result "1-0"]
[WhiteElo "2338"]
[BlackElo "1983"]
[PlyCount "88"]
[EventDate "2018.??.??"]
[Source "ChessBase"]
[SourceDate "2007.09.04"]

1. d4 Nf6 2. Nf3 d5 3. Bf4 Nc6 4. e3 Bg4 5. Nbd2 e6 6. c3 Bd6 7. Qb3 Rb8 8. Bd3
O-O 9. O-O Ne7 10. Ne5 Bf5 11. Bxf5 Nxf5 12. h3 Ne7 13. Bh2 Nd7 14. f4 c5 15.
Rae1 b5 16. Qc2 Qc7 17. Nxd7 Qxd7 18. dxc5 Bxc5 19. Nb3 Bd6 20. e4 dxe4 21.
Qxe4 Qc7 22. Kh1 Rbc8 23. Nd4 a6 24. Bg1 Kh8 25. f5 exf5 26. Nxf5 Nxf5 27. Rxf5
Qc6 28. Qd3 Bb8 29. Re7 Qg6 (29... Kg8) 30. Qd7 f6 31. Rd5 h6 $2 (31... Rce8
$11) 32. Qb7 Rce8 33. Rxe8 Rxe8 34. Qxa6 Kh7 35. Qxb5 Bg3 36. Rd1 f5 37. Qd3
Re4 38. Rf1 h5 39. Bh2 h4 40. Bg1 Qe6 41. b3 g6 42. c4 Re2 43. a4 f4 44. c5 Rb2
1-0

[Event "Mechanics' Spring TNM; G/2 d5"]
[Site "San Francisco"]
[Date "2018.03.27"]
[Round "2.1"]
[White "Diaz, Conrado"]
[Black "McKellar, Daniel"]
[Result "1-0"]
[WhiteElo "2338"]
[BlackElo "1829"]
[PlyCount "53"]
[EventDate "2018.??.??"]
[Source "ChessBase"]
[SourceDate "2007.09.04"]

1. d4 d5 2. Nf3 Nf6 3. Bf4 c5 4. c3 Qb6 5. Qc2 Bg4 6. Ne5 Bh5 7. e3 e6 8. Nd2
Nc6 9. Qb3 c4 10. Qc2 Be7 11. b3 cxb3 12. axb3 Nxe5 13. Bxe5 Bg6 14. Bd3 Bxd3
15. Qxd3 O-O 16. O-O Rfd8 17. c4 Bb4 18. c5 Qc6 19. Bxf6 gxf6 20. f4 Bxd2 21.
Qxd2 e5 22. fxe5 fxe5 23. Rf5 e4 24. Qf2 Rd7 25. Qg3+ Kf8 26. Qe5 Rc8 27. Qh8+
1-0

[Event "Mechanics' Bedjanian TNM; G/2 d/5"]
[Site "San Francisco"]
[Date "2018.11.20"]
[Round "5.2"]
[White "Diaz, Conrado"]
[Black "Mont-Reynaud, Jordy"]
[Result "1-0"]
[WhiteElo "2328"]
[BlackElo "2246"]
[Annotator "Winslow,Elliott"]
[PlyCount "117"]
[EventDate "2018.??.??"]
[Source "ChessBase"]
[SourceDate "2007.09.04"]

1. d4 Nf6 2. Nf3 g6 3. Bg5 Bg7 4. Nbd2 O-O 5. e4 d6 6. c3 c5 7. dxc5 dxc5 8.
Bc4 Nc6 9. Qe2 a6 10. O-O b5 11. Bd3 h6 12. Bxf6 Bxf6 13. Rad1 c4 14. Bb1 Qc7
15. Rfe1 e5 16. Nf1 Ne7 17. Qd2 {[#]} Be6 $6 {
Objectively suspect, but White has to be very careful} (17... Kg7 18. Qd6 Qxd6
19. Rxd6 Bg4) 18. Qxh6 Bg7 19. Qh4 $1 f6 20. Ne3 Kf7 21. Ng4 $6 (21. Nd5 Qb7
22. Qg3 {counters the threat to d5 with a veiled threat to g6} Rad8 23. Bc2)
21... Rh8 22. Qg3 Rh5 $6 (22... Bh6 23. Nxh6+ Rxh6 24. h4 Rah8 25. Kf1) 23. h3
Rah8 24. Nfh2 g5 25. Qe3 Ng6 26. Qd2 Nf4 27. Re3 Qa7 28. Bc2 Bf8 29. b4 a5 30.
a3 Be7 31. Qe1 Qa8 32. Rg3 R8h7 33. Ra1 Bd8 34. Qf1 Bb6 35. Kh1 Qa7 36. Rd1 Rh4
37. Rd2 Nh5 38. Bd1 Bxf2 39. Rf3 Bxg4 40. Nxg4 Rxg4 41. Rdxf2 $6 (41. Qxf2 Qxf2
42. Rfxf2 Rxe4 43. Kh2 {with both Bc2 and bxa4} Ke6 $5 44. Bc2 f5 45. Bxe4 fxe4
46. Rfe2 Nf6 47. bxa5 Ra7 48. Rd8 Rxa5 49. Rb8 Rxa3 $2 50. Rb6+ Ke7 51. Rxb5 {
(targeting ... the g-pawn)} Ke6 52. Rb6+ Ke7 53. Rc6 Rxc3 54. Ra2 e3 55. Ra7+
Nd7 56. Kg3 Rd3 57. Rxc4 $18) 41... Nf4 (41... Rf4 $15 42. Qe1 g4 43. Rxf4 Nxf4
44. Rf1 Qd7 $17) 42. Rd2 (42. a4 $1 {(undermines Pc4:)} bxa4 (42... axb4 43.
axb5 Kg7 44. cxb4 $1 (44. Qxc4 $2 Rxg2 $1 45. Rxg2 Nxh3 46. Rxh3 Rxh3+ 47. Rh2
Qe3 $11) 44... Qd4 45. Rc2 Nd3 46. Rxf6 $1 (46. Be2 Rf4 47. Bxd3 Qxd3 48. Qxd3
cxd3 49. Rxd3 Rxe4 50. Rb3 Rd4 51. Kh2 Kg6 $1 (51... Rhh4 52. b6 Rxb4 53. Rcb2)
52. Rc6 Rhh4) 46... Rf4 47. Rxf4 gxf4 48. Kh2 {keeps going good for White.}))
42... Ke7 $2 (42... Rgh4 $11 43. a4 g4 44. Rxf4 exf4 45. Bxg4 Qe3 (45... Rxg4
46. Qd1 Rg5 47. Rd7+ Kg6 48. Rxa7 Rxa7 49. axb5)) (42... a4 43. g3 $3 Rxh3+ 44.
Rh2 Rxh2+ 45. Kxh2 Kf8 (45... Nh5 $2 46. Qh3) 46. Rxf4 Rxf4 47. gxf4 exf4 {
and now the slightly surprising} 48. Qe2 $16 {
keeps Blacks queen and pawns at bay and eventually reorganizes}) 43. Kh2 $2 (
43. a4) 43... axb4 (43... a4) (43... Rgh4) 44. axb4 Rgh4 45. Rg3 (45. Qf2 Qxf2
46. Rfxf2 Nd3 47. Rfe2 g4) 45... Qa1 $2 {[#]} (45... Rh8 46. Bg4 Rd8 47. Rxd8
Kxd8 48. Rf3 Rxg4 49. hxg4 Qh7+ 50. Kg1 Qxe4 $11 {
(one side or the other grabs a perpetual -- or else)}) 46. Rd7+ {
Flash! But the simpler} (46. Qg1) (46. Qf2 {are even better.}) 46... Kf8 47.
Rd8+ Kg7 ({On} 47... Ke7 {you'll be happy to see that the computer reccommends:
} 48. Rd2) 48. Qf2 {
Black's attack has completely stalled, while White's fires up.} Kh6 49. Qc5 Qb2
$2 (49... Qa7) 50. Qf8+ Kg6 51. Qe8+ {
The computer sees mate, and in a lot less than 36. (#11)} Rf7 52. Bg4 Rhh7 (
52... Rxg4 53. hxg4 {Next Rd7 is boring, but gets it done.}) 53. Bf5+ (53. Rd7
{is faster.}) 53... Kh6 54. Bxh7 Nxg2 55. Rxg2 Qc1 56. Rdd2 Rxh7 57. Rgf2 Rg7
58. Rxf6+ Kh7 59. Qh5+ 1-0

[Event "Mechanics' Spring TNM; G/2 d5"]
[Site "San Francisco"]
[Date "2018.04.10"]
[Round "4.1"]
[White "Diaz, Conrado"]
[Black "Shaw, Tenzing"]
[Result "1-0"]
[WhiteElo "2338"]
[BlackElo "2303"]
[PlyCount "75"]
[EventDate "2018.??.??"]
[Source "ChessBase"]
[SourceDate "2007.09.04"]

1. d4 d5 2. Nf3 Nf6 3. Bf4 c5 4. c3 Qb6 5. Qb3 Nc6 6. e3 c4 7. Qc2 Bf5 8. Qc1
e6 9. Nbd2 Qd8 10. Be2 Be7 11. O-O h6 12. Ne5 Nxe5 13. Bxe5 O-O 14. Re1 b5 15.
Bf3 Bd3 16. e4 a5 17. Bxf6 Bxf6 18. exd5 exd5 19. Nf1 Ra7 20. Ne3 Bg5 21. Qd1
Rd7 22. g3 Re8 23. Ng2 Rxe1+ 24. Qxe1 Re7 25. Qd1 Be4 26. h4 Bf6 27. Bxe4 dxe4
28. Qh5 Qd7 29. a4 bxa4 30. Qxa5 Qg4 31. Ne3 Qe2 32. Rxa4 Qxb2 33. Qd8+ Kh7 34.
Ra8 Qe2 35. Qh8+ Kg6 36. Ra5 Bxd4 37. h5+ Kf6 38. Nd5+ 1-0

[Event "Mechanics' Shipman TNM; G/2 d/5"]
[Site "San Francisco"]
[Date "2018.09.11"]
[Round "6.5"]
[White "Diaz, Conrado"]
[Black "Uribe, Luiz Antoni"]
[Result "1-0"]
[WhiteElo "2343"]
[BlackElo "1806"]
[PlyCount "65"]
[EventDate "2018.??.??"]
[Source "ChessBase"]
[SourceDate "2007.09.04"]

1. d4 Nf6 2. Bg5 d5 3. Bxf6 gxf6 4. e3 Bf5 5. c4 c6 6. cxd5 cxd5 7. Qb3 Qd7 8.
Nc3 e6 9. Bb5 Nc6 10. Nf3 a6 11. Bxc6 bxc6 12. Nh4 Bg6 13. Rc1 Bd6 14. Nxg6
hxg6 15. h3 Rb8 16. Qc2 Qb7 17. Na4 Bb4+ 18. Ke2 Qb5+ 19. Kf3 Kd7 20. a3 Bd6
21. b4 e5 22. g3 e4+ 23. Kg2 f5 24. Qd1 a5 25. Nc5+ Ke7 26. Rb1 axb4 27. Rxb4
Qa5 28. Ra4 Qc3 29. Ra7+ Ke8 30. Qa4 Rc8 31. Qa6 Rd8 32. Qxc6+ Kf8 33. Ne6+ 1-0

[Event "Mechanics' Shipman TNM; G/2 d/5"]
[Site "San Francisco"]
[Date "2018.08.28"]
[Round "4.3"]
[White "Diaz, Conrado"]
[Black "Walder, Michael S"]
[Result "1-0"]
[WhiteElo "2343"]
[BlackElo "2031"]
[Annotator "Winslow,Elliott"]
[PlyCount "84"]
[EventDate "2018.??.??"]
[Source "ChessBase"]
[SourceDate "2007.09.04"]

1. d4 Nf6 2. Nf3 g6 3. Bg5 Bg7 4. Nbd2 O-O 5. e4 d5 6. exd5 Nxd5 7. Nb3 h6 8.
Bd2 Nd7 (8... b6) 9. Be2 Re8 (9... c5) (9... e5) 10. O-O e5 11. Nxe5 Nxe5 12.
dxe5 Rxe5 13. Bf3 c6 14. c4 Nb6 15. Bc3 Re8 16. Bxg7 Kxg7 17. Qxd8 Rxd8 18. Na5
Rd2 19. b3 Nd7 20. Rfd1 Rxd1+ 21. Rxd1 Ne5 22. Be4 (22. Be2) 22... f5 (22...
Rb8) 23. f4 fxe4 24. fxe5 Bf5 25. Nxb7 Re8 26. Kf2 Rxe5 27. Ke3 Kf6 28. Rd6+
Re6 29. Rxe6+ Kxe6 30. Kd4 e3 31. Kxe3 Bb1 32. a3 Ke5 33. b4 (33. g3) 33... Be4
34. g3 h5 35. Nd6 Bg2 36. Nc8 a6 37. Nb6 Bf1 38. c5 Bg2 39. a4 g5 40. Nd7+ Kd5
41. Kd3 h4 42. gxh4 gxh4 {(neither side kept score past this, White won)} 1-0

[Event "Mechanics' Spring TNM; G/2 d5"]
[Site "San Francisco"]
[Date "2018.05.08"]
[Round "8.1"]
[White "Diaz, Conrado"]
[Black "Winslow, Elliott"]
[Result "1-0"]
[WhiteElo "2338"]
[BlackElo "2323"]
[PlyCount "113"]
[EventDate "2018.??.??"]
[Source "ChessBase"]
[SourceDate "2007.09.04"]

1. d4 Nf6 2. Nf3 c5 3. c3 d5 4. Bf4 Nc6 5. e3 Qb6 6. Qb3 c4 7. Qc2 Bf5 8. Qc1
e6 9. Nbd2 Be7 10. Be2 O-O 11. O-O h6 12. Ne5 Rfc8 13. Re1 Qd8 14. Bf3 b5 15.
Nxc6 Rxc6 16. e4 Bg6 17. Be5 Nxe4 18. Nxe4 dxe4 19. Bxe4 Bxe4 20. Rxe4 f6 21.
Bg3 Qd5 22. Qc2 a5 23. Rae1 Bf8 24. h3 b4 25. Bf4 g5 26. Bd2 Kg7 27. f4 bxc3
28. bxc3 Rb8 29. fxg5 hxg5 30. h4 Bd6 31. hxg5 f5 32. Re5 Bxe5 33. Rxe5 Qd7 34.
Be1 Rcb6 35. Qe2 Rb2 36. Qxc4 Qb7 37. Bf2 Rb1+ 38. Be1 Rb2 39. Bf2 Qd7 {
A draw would have left Black out of the prize list.} 40. d5 $1 Rxf2 $2 (40...
Rb1+) 41. Kxf2 Rb2+ 42. Kf3 exd5 43. Qxd5 Qxd5+ 44. Rxd5 Rxa2 45. Rxf5 Kg6 46.
Rc5 a4 47. g3 Rc2 48. Kg4 a3 49. Rc6+ Kf7 50. c4 a2 51. Ra6 Rxc4+ 52. Kh5 Rc2
$2 (52... Rc1 53. Rxa2 Rh1+ 54. Kg4 $11) 53. Ra7+ Kf8 54. Kh6 Rc6+ 55. g6 Rc2
56. g7+ Kg8 57. Ra8+ 1-0

[Event "Mechanics' Spring TNM; G/2 d5"]
[Site "San Francisco"]
[Date "2018.05.01"]
[Round "7.28"]
[White "Donaldson, Kyle"]
[Black "Mercado, Adam"]
[Result "0-1"]
[WhiteElo "1518"]
[BlackElo "1810"]
[Annotator "Winslow,Elliott"]
[PlyCount "74"]
[EventDate "2018.??.??"]
[Source "ChessBase"]
[SourceDate "2007.09.04"]

1. e4 e5 2. Nf3 Nc6 3. d4 exd4 4. Bc4 Nf6 5. e5 d5 6. Bb5 Ne4 7. Nxd4 Bc5 8. c3
(8. Be3 $1 Bd7 (8... O-O) (8... Bxd4 $5)) 8... O-O 9. Bxc6 bxc6 10. O-O Qh4 (
10... f6 $1) (10... Ba6) 11. Be3 Bxd4 (11... Ba6 $1) 12. cxd4 Rb8 13. Qe2 Rb6
14. Qc2 Bf5 15. Qc1 c5 16. Nc3 Rg6 17. Nxe4 Bxe4 18. f3 Bf5 19. Qe1 Qxe1 20.
Raxe1 c4 21. Rf2 Rb8 22. Rc1 Bd3 23. Rc3 Rgb6 24. Bc1 Rb5 25. f4 c5 26. dxc5
Rxc5 27. Ra3 a5 28. Be3 Rcb5 29. Bd4 g6 30. g4 Kf8 31. Kg2 Ke7 32. Kg3 Ke6 33.
Bc3 Rd8 34. Bxa5 Ra8 35. Bc7 Rxa3 36. bxa3 c3 37. Bd6 c2 0-1